| 000 | 00674nam a22001577a 4500 | ||
|---|---|---|---|
| 003 | OSt | ||
| 005 | 20151206144554.0 | ||
| 008 | 151206b xxu||||| |||| 00| 0 eng d | ||
| 040 | _cRUA | ||
| 082 | _aATM ហេង 1990 B188 Or.1 | ||
| 100 |
_94410 _aហេង ប៊ុននី |
||
| 245 | _aគំរោសង់ឡើងវិញ នូវរោងជាងជួសជុលម៉ាស៊ីនកសិកម្មនៅខេត្ត កំពង់ចាមជាមួយនិង ការសិក្សាការខូច និងជួសជុលចលករ | ||
| 260 |
_aPhnom Penh _bRUA _c1990 |
||
| 300 |
_a115p. _bill. _c29cm. |
||
| 942 |
_2ddc _cATM |
||
| 999 |
_c4111 _d4111 |
||